Formation of graft polymers by r-irradiation of natural rubber latex and methyl methacrylate (Record no. 45521)

MARC details
000 -LEADER
fixed length control field 00453nam a2200157Ia 4500
100 ## - MAIN ENTRY--AUTHOR NAME
Personal name Cockbain E G
245 #0 - TITLE STATEMENT
Title Formation of graft polymers by r-irradiation of natural rubber latex and methyl methacrylate
260 ## - PUBLICATION, DISTRIBUTION, ETC. (IMPRINT)
Name of publisher Journal of Polymer Science
Year of publication 1959
300 ## - PHYSICAL DESCRIPTION
Number of Pages 419-426
650 ## - SUBJECT ADDED ENTRY--TOPICAL TERM
Topical Term Graft polymers
650 ## - SUBJECT ADDED ENTRY--TOPICAL TERM
Topical Term r-irradiation
700 ## - ADDED ENTRY--PERSONAL NAME
Personal name Pendle T D
700 ## - ADDED ENTRY--PERSONAL NAME
Personal name Turner D T
942 ## - ADDED ENTRY ELEMENTS (KOHA)
Koha item type Reprints
Holdings
Withdrawn status Lost status Damaged status Not for loan Home library Current library Shelving location Date acquired Serial Enumeration / chronology Accession Number Koha item type
      Reprints RRII Library RRII Library Rubber chemistry 22/12/2021 Volume 39, Issue P344 Reprints